Osnovy sistemologii /
Uložené v:
| Hlavný autor: | |
|---|---|
| Médium: | Kniha |
| Jazyk: | Russian |
| Vydané: |
Moskva :
Radio i svjaz',
1982.
|
| Vydanie: | 1. izd. |
| ISBN: |
(viaz.) |
| Fyzický popis: |
367 s. : il. |
| Tagy: |
Pridať tag
Žiadne tagy, Buďte prvý kto otaguje tento záznam!
|
Titul je dostupný aj v ... 

MARC
| LEADER | 00000nam a2200000 a 4500 | ||
|---|---|---|---|
| 001 | 000139607 | ||
| 005 | 20100103170608.0 | ||
| 008 | 981230s1982 ru rus d | ||
| 020 | |a (viaz.) | ||
| 040 | |a SVKKK |b slo |c SVKKK |e AACR2 | ||
| 041 | 0 | |a rus | |
| 044 | |a ru |c RU | ||
| 100 | 1 | |a Flejšman, Bencion Semenovič |4 aut | |
| 245 | 1 | 0 | |a Osnovy sistemologii / |c Bencion Semenovič Flejšman. |
| 250 | |a 1. izd. | ||
| 260 | |a Moskva : |b Radio i svjaz', |c 1982. | ||
| 300 | |a 367 s. : |b il. | ||
| 504 | |a Bibliografia | ||
| 910 | |a svkkk | ||
| 998 | |a BK | ||
| 090 | |g SCKHL |k Sklad Pribinova 2. posch. |a II.279503 |j 670085 |i 139607-10 |s Absenčne | ||